Statistics for [Movies] All Star Wars Movies

Click here to take the quiz!

General Stats

  • This quiz has been taken 32 times
    (25 since last reset)
  • The average score is 9 of 11

Answer Stats

HintAnswer% Correct
1977A New Hope
94%
1983Return Of The Jedi
88%
2005Revenge Of The Sith
88%
2017The Last Jedi
88%
1980The Empire Strikes Back
82%
1999The Phantom Menace
82%
2002Attack Of The Clones
82%
2015The Force Awakens
82%
2016Rogue One
82%
2018Solo
76%
2008The Clone Wars
53%

Score Distribution

Percentile by Number Answered

Percent of People with Each Score

Your Score History

You have not taken this quiz since the last reset